Philosophy of man / (Record no. 99146)

MARC details
000 -LEADER
fixed length control field 00621nam a22002177i 4500
005 - DATE AND TIME OF LATEST TRANSACTION
control field 20260323090651.0
008 - FIXED-LENGTH DATA ELEMENTS--GENERAL INFORMATION
fixed length control field 260312b |||||||| |||| 00| 0 eng d
020 ## - INTERNATIONAL STANDARD BOOK NUMBER
International Standard Book Number 9710858858
040 ## - CATALOGING SOURCE
Language of cataloging eng
Transcribing agency URS
Description conventions rda
050 14 - LIBRARY OF CONGRESS CALL NUMBER
Classification number B 29
Item number C98 1995
100 1# - MAIN ENTRY--PERSONAL NAME
Personal name Cruz, Corazon L.
Relator term author
245 ## - TITLE STATEMENT
Title Philosophy of man /
Statement of responsibility, etc. Corazon L. Cruz.
250 ## - EDITION STATEMENT
Edition statement Third Edition
264 #1 - PRODUCTION, PUBLICATION, DISTRIBUTION, MANUFACTURE, AND COPYRIGHT NOTICE
Place of production, publication, distribution, manufacture Mandaluyong City:
Name of producer, publisher, distributor, manufacturer National Book Store,
Date of production, publication, distribution, manufacture, or copyright notice 1995.
300 ## - PHYSICAL DESCRIPTION
Extent x, 236 pages
Dimensions 22 cm.
336 ## - CONTENT TYPE
Content type term text
Content type code txt
Source rdacontent
337 ## - MEDIA TYPE
Media type term unmediated
Media type code n
Source rdamedia
338 ## - CARRIER TYPE
Carrier type term volume
Carrier type code nc
Source rdacarrier
650 ## - SUBJECT ADDED ENTRY--TOPICAL TERM
Topical term or geographic name entry element Philosophy.
942 ## - ADDED ENTRY ELEMENTS (KOHA)
Koha item type Filipiniana
Source of classification or shelving scheme Library of Congress Classification
Holdings
Withdrawn status Source of classification or shelving scheme Damaged status Not for loan Collection code Home library Current library Shelving location Date acquired Total Checkouts Full call number Barcode Date last seen Copy number Price effective from Koha item type
  Library of Congress Classification     Non-fiction Binangonan College Library Binangonan College Library Filipiniana Section 03/12/2026   FIL B 29 C98 1995 c.7 URSBIN-F0012 03/12/2026 7 03/12/2026 Filipiniana
  Library of Congress Classification     Non-fiction Binangonan College Library Binangonan College Library Filipiniana Section 03/12/2026   FIL B 29 C98 1995 c.6 URSBIN-F0011 03/12/2026 6 03/12/2026 Filipiniana
  Library of Congress Classification     Non-fiction Binangonan College Library Binangonan College Library Filipiniana Section 03/12/2026   Fil B 29 C98 1995 URSBIN-F2549 03/12/2026 1 03/12/2026 Filipiniana
  Library of Congress Classification     Non-fiction Binangonan College Library Binangonan College Library Filipiniana Section 03/12/2026   Fil B 29 C98 1995 c.4 URSBIN-F0014 03/12/2026 4 03/12/2026 Filipiniana
  Library of Congress Classification     Non-fiction Binangonan College Library Binangonan College Library Filipiniana Section 03/12/2026   FIL B 29 C98 1995 c.5 URSBIN-F0016 03/12/2026 5 03/12/2026 Filipiniana
  Library of Congress Classification     Non-fiction Binangonan College Library Binangonan College Library Filipiniana Section 03/12/2026   FIL B 29 C98 1995 c.2 URSBIN-F0013 03/12/2026 2 03/12/2026 Filipiniana
  Library of Congress Classification     Non-fiction Binangonan College Library Binangonan College Library Filipiniana Section 03/12/2026   FIL B 29 C98 1995 c.3 URSBIN-F0010 03/12/2026 3 03/12/2026 Filipiniana

University of Rizal System
Email us at univlibservices@urs.edu.ph

Visit our Website www.urs.edu.ph/library